| 000 | 00515nam a2200181Ia 4500 | ||
|---|---|---|---|
| 005 | 20260415160342.0 | ||
| 008 | 008 250505s9999 xx 000 0 hin d | ||
| 037 | _aTextual | ||
| 040 |
_aFEDL _beng _cFEDL |
||
| 041 |
_ahin _2eng |
||
| 084 |
_a954 VID _qFEDL |
||
| 100 |
_aVidyalankar Bheem Sen _9755833 |
||
| 245 | 0 | _aVeer punjabi: Punjab ka veer rash puran itihas | |
| 260 |
_aLahore _bRajpal and Sons |
||
| 300 | _a280p. | ||
| 942 |
_cTEXL _h954 VID |
||
| 999 |
_c1322005 _d1322005 |
||